| Tag |
First Indicator |
Second Indicator |
Subfields |
| LEADER |
00000cjm a2200000Ia 4500 |
| 001 |
in00001519086 |
| 005 |
20151021174543.0 |
| 007 |
sd fungnn---ed |
| 008 |
000306s1997 br ppn dz por d |
| 024 |
1 |
|
|a 075597955729
|
| 028 |
0 |
2 |
|a 79557-2
|b Nonesuch Records
|
| 035 |
|
|
|a (OCoLC)41578964
|
| 040 |
|
|
|a BIB
|c BIB
|d JPL
|d TXA
|d UtOrBLW
|
| 041 |
0 |
|
|d por
|e por
|h eng
|g eng
|
| 043 |
|
|
|a s-bl---
|
| 049 |
|
|
|a TXAM
|
| 090 |
|
|
|a M1690.18.V45
|b L58 1997
|
| 100 |
1 |
|
|a Veloso, Caetano.
|
| 245 |
1 |
0 |
|a Livro /
|c Caetano Veloso.
|
| 264 |
|
1 |
|a Brasil :
|b PolyGram do Brasil ;
|a [Place of publication not identified] :
|b Nonesuch Records,
|c [1997]
|
| 264 |
|
4 |
|c ℗1997
|
| 300 |
|
|
|a 1 sound disc :
|b digital ;
|c 4 3/4 in.
|
| 306 |
|
|
|a 005359
|
| 336 |
|
|
|a performed music
|b prm
|2 rdacontent
|
| 337 |
|
|
|a audio
|b s
|2 rdamedia
|
| 338 |
|
|
|a audio disc
|b sd
|2 rdacarrier
|
| 511 |
0 |
|
|a Caetano Veloso, vocals, guitar; with accompanying musicians.
|
| 518 |
|
|
|a Recorded at Estúdio AR, Rio de Janeiro.
|
| 500 |
|
|
|a Compact disc.
|
| 500 |
|
|
|a Lyrics along with an excerpt of Veloso's book "Verdade Tropical (Tropical truth)" inserted in container.
|
| 505 |
0 |
|
|a Os passistas (3:22) -- Livros (4:30) -- Onde o rio é mais baiano (3:22) -- Manhatã (5:16) -- Doideca (3:39) -- Você é minha (3:39) -- Um tom (3:45) -- How beautiful could a being be (3:28) -- O navio negreiro (5:16) -- Não enche (5:16) -- Minha voz, minha vida (2:50) -- Alexandre (5:47) -- Na baixa do sapateiro (3:46) -- Pra ninguém (2:59).
|
| 586 |
|
|
|a Grammy Awards, 2000 (World Music Album)
|
| 500 |
|
|
|a Sound recording.
|
| 650 |
|
0 |
|a Popular music
|z Brazil
|y 1991-2000.
|
| 994 |
|
|
|a E0
|b TXA
|
| 948 |
|
|
|a cataloged
|b h
|c 2000/3/31
|d c
|e fpiscitelli
|f 4:34:16 pm
|
| 999 |
|
|
|a MARS
|
| 999 |
f |
f |
|s 8676495a-486f-3a99-8c2e-cfbdd00fe598
|i b6137afa-f4e0-3895-913f-8684d1f6cab3
|t 0
|
| 952 |
f |
f |
|p ric
|a Texas A&M University
|b Rellis Campus
|c Joint Library Facility
|d Remote Storage
|t 0
|e M1690.18.V45 L58 1997
|h Library of Congress classification
|i audio -- audio disc
|m A14825859332
|
| 998 |
f |
f |
|a M1690.18.V45 L58 1997
|t 0
|l Remote Storage
|